000 02302cam a2200397 4500500
005 20251228074011.0
041 _afre
042 _adc
100 1 0 _aBourgeois, Brigitte
_eauthor
700 1 0 _aJeammet, Violaine
_eauthor
245 0 0 _aLa polychromie des terres cuites grecques : approche matérielle d’une culture picturale
260 _c2020.
500 _a73
520 _aL’article traite des techniques de la mise en couleur des figurines en terre cuite dans la Grèce antique, de l’époque archaïque à l’époque hellénistique. Après un rappel des travaux pionniers du xixe siècle, la synthèse présentée s’attache aux étapes, aux procédés et aux matériaux de la couleur avant d’analyser, sur quelques figurines de la collection du Louvre, l’évolution d’un art de peindre et de dorer la terre cuite, passant de la franchise archaïque au clair-obscur des temps hellénistiques. Ce faisant, on montre combien les artisans pouvaient posséder une véritable culture picturale, influencée par la grande peinture.
520 _aThe article presents the colouring techniques of ancient Greek terracotta figurines, from Archaic to Hellenistic times. An overview of pioneer works from the nineteenth century is followed by a study of the steps, processes and materials of colouring. Focussing on several terracotta figurines from the Louvre Museum, we then analyse the evolution of terracotta painting and gilding, from the Archaic straightforwardness to the chiaroscuro of Hellenistic times. In doing so, we show how the craftsmen were in possession of a real pictorial culture, influenced by the mural and panel painting.
690 _aArchéométrie
690 _aAttique
690 _aBéotie
690 _aCoroplathie
690 _aDorure
690 _aÉtain
690 _aMyrina
690 _aPolychromie
690 _aTanagra
690 _aArchaeometry
690 _aAttica
690 _aBeotia
690 _aCoroplastic studies
690 _aGilding
690 _aMyrina
690 _aPolychromy
690 _aTanagra
690 _aTin
786 0 _nRevue archéologique | 69 | 1 | 2020-03-25 | p. 3-28 | 0035-0737
856 4 1 _uhttps://shs.cairn.info/revue-archeologique-2020-1-page-3?lang=fr&redirect-ssocas=7080
999 _c1596611
_d1596611